000 00326nam a22001457a 4500
008 210602b ||||| |||| 00| 0 eng d
020 _a0898622506
041 _aeng
080 _a82
082 _a82
100 _a21
101 _aGJL
245 _aNew Directions in Composition Research
_cRichard Beach
942 _2udc
_cBK
999 _c57911
_d57911